=LDR 00000nam 2200000 4500 =001 INLIS000000000032163 =005 20130612134201 =008 ***********************************ind** =035 ##$$0010-061300000032163 =041 ##$$a ind =082 ##$$a 413 =090 ##$$a 413, Dan, k =100 ##$$a Daryanto =245 ##$$a Kamus Bahasa Indonesia Lengkap , Daryanto =260 ##$$a 1997 $b Surabaya =300 ##$$a 768 hlm., 24 =650 ##$$a Bahasa Indonesia-Kamus =850 ##$$a NBPNMAT